000 00861nam a22002537a 4500
005 20170123162309.0
010 _aB-097637
020 _c180.00
_a8186536280
035 _aB-097637
037 _bCen Lib/Ret
040 _aDPL
_bUR
082 _aک
_bع ص ر
245 _aعصری عربی کہانیاں /
_cمترجم سہیل احمد فاروقی
246 _aAsari arbi kahaniyan /
_btranslated by Suhail Ahmad Faruqee
260 _aنیی دہلی
_bہرا پبلیسکہسن
_c2004
270 _aنور نگر جامہ نگر
_bنیی دہلی
_e110025
300 _a130p.
_c21cm(pbk)
650 _aاردو ادب
_9111526
650 _aاردو افسانے
_9111527
650 _aUrdu literature
_9111528
650 _aUrdu stories
_9111529
700 _aسہیل احمد فاروقی
_9107871
942 _2ddc
_cUR
_hک
_mع ص ر
999 _c106421
_d106421